Strategy and history Essays on theory and practice

Saved in:
Bibliographic Details
Main Author: Gray
Format: Book
Published: London Routledge 2006
Series:Cass series-strategy and history
Subjects:
Tags: Add Tag
No Tags, Be the first to tag this record!
Call Number :U162 G73 2006

MARC

LEADER 00000pam a2200000 4500
001 35057
003 MY-KLNDU
005 20241218090618.0
020 0 0 |a 0415386357 
020 0 0 |a 9780415386357 
035 |a 0000028599 
039 9 |y 200910091601  |z VLOAD 
090 0 0 |a U162  |b G73 2006 
100 1 0 |a Gray  |h Colin S. 
245 1 0 |a Strategy and history  |b Essays on theory and practice  |c Colin S.Gray 
260 0 0 |a London  |b Routledge  |c 2006 
300 |a xii,234p.  |c 24cm 
440 0 0 |a Cass series-strategy and history 
504 0 0 |a Includes bibliographical references and index 
650 0 0 |a Strategy 
999 |a vtls000024915  |c 35057  |d 35057